| 000 | 00382 a2200145 4500 | ||
|---|---|---|---|
| 005 | 20250629170151.0 | ||
| 020 | _a0-7166-0101-X | ||
| 082 | _a032 WOR. | ||
| 111 | _aWORLD BOOK. | ||
| 245 | _aResearch Book Enclopedia, | ||
| 250 | _a22th Ed. | ||
| 260 |
_aNew York, _bLibrary Of Congress Cataloging-In- Publication Data _c2001. |
||
| 300 |
_a894p.; _bIndex, _c25cm. |
||
| 942 |
_2ddc _cBKS |
||
| 999 |
_c6444 _d6444 |
||